000 01569cam a2200301 a 4500
999 _c1618
_d1618
001 12112559
003 OSt
005 20180918161032.0
008 000719s2000 txu 000 0 eng d
010 _a 00697891
020 _a0966317238
035 _a(OCoLC)ocm44035009
040 _aORX
_cORX
_dDLC
042 _alccopycat
050 0 0 _aBT155
_b.W58 2000
082 0 0 _a231.76
_221
_bW681N
100 1 _aWilkerson, David,
_d1931-2011.
245 1 4 _aThe new covenant unveiled /
_cDavid Wilkerson.
260 _aLindale, Tex. :
_bWilkerson Trust Publications,
_cc2000.
300 _a143 p. ;
_c21 cm.
505 8 _aMachine generated contents note: Introduction 5 -- 1. Understanding the New Covenant 9 -- 2. Freedom from the Dominion of Sin22 -- 3. The Cross and the New Covenant33 -- 4. Entering the New Covenant by Way of Death 47 -- 5. The New Covenant and the Indwelling -- Power of the Holy Spirit55 -- 6. The New Covenant and the Fear of God69 -- 7. The Delivering Power of the New Covenant79 -- 8. Christ, Our High Priest of the New Covenant90 -- 9. The New Covenant Destroys Satanic Stongholds 103 -- 10. The New Covenant and the Secret of the Lord119 -- 11. The New Covenant and the Preventing -- Love of the Lord131.
650 0 _aCovenants
_xReligious aspects
_xChristianity
_vSermons.
650 0 _aSermons, American.
856 4 1 _3Table of contents
_uhttp://www.loc.gov/catdir/toc/fy022/00697891.html
906 _a7
_bcbc
_ccopycat
_d3
_encip
_f20
_gy-gencatlg
942 _2ddc
_cBK